书目信息 |
| 题名: |
三联书店图书总书目
|
|
| 作者: | 曹鹤龙 , 李雪映 编 | |
| 分册: | ||
| 出版信息: | 北京 生活·读书·新知三联书店 1995.10 |
|
| 页数: | 392页 | |
| 开本: | 26cm | |
| 丛书名: | ||
| 单 册: | ||
| 中图分类: | Z852 | |
| 科图分类: | ||
| 主题词: | 出版发行目录 | |
| 电子资源: | ||
| ISBN: | 7-108-00847-5 | |
| 000 | 00710nam0 2200217 450 | |
| 001 | 0654445485 | |
| 005 | 20061127150950.98 | |
| 010 | @a7-108-00847-5@dCNY46.00 | |
| 100 | @a20061127d1995 km y0chiy0120 ea | |
| 101 | 0 | @achi |
| 102 | @aCN@b110000 | |
| 200 | 1 | @a三联书店图书总书目@Asan lian shu dian tu shu zong shu mu@e一九三二至一九九四@f曹鹤龙,李雪映编@Fcao he long,li xue ying bian |
| 210 | @a北京@c生活·读书·新知三联书店@d1995.10 | |
| 215 | @a392页@d26cm | |
| 517 | 1 | @a一九三二至一九九四@Ayi jiu san er zhi yi jiu jiu si |
| 606 | 0 | @a出版发行目录 |
| 690 | @aZ852@v3 | |
| 701 | 0 | @a曹鹤龙@Acao he long@4编 |
| 701 | 0 | @a李雪映@Ali xue ying@4编 |
| 801 | 0 | @aCN@bPFT@c20061127 |
| 905 | @a10447@dZ852@e58 | |
| 三联书店图书总书目:一九三二至一九九四/曹鹤龙,李雪映编.-北京:生活·读书·新知三联书店,1995.10 |
| 392页;26cm |
| ISBN 7-108-00847-5:CNY46.00 |
| ● |
| 相关链接 |
|
|
|
|
正题名:三联书店图书总书目
索取号:Z852/58
 
预约/预借
| 序号 | 登录号 | 条形码 | 馆藏地/架位号 | 状态 | 备注 |
| 1 | 0274349 | 001316999 | 第二样本阅览室/ [索取号:Z852/58] | 在馆 |